000 00705nam a2200289Ia 4500
005 20260324125036.0
008 008 260324s9999 xx 000 0 eng d
020 _a9780203866665
037 _aEBOOK
040 _aCRL
040 _beng
040 _cCRL
041 _2eng
041 _aeng
084 _qCRL
100 _aLars Bäckman; Lars Nyberg
_91176469
245 0 _aMemory, Aging and the Brain
245 2 _bA Festschrift in Honour of Lars-Göran Nilsson
260 _bTaylor and Francis
260 _c2009
365 _a
365 _b230
856 _uhttp://www.taylorfrancis.com/books/9780203866665
942 _cEBOOK
999 _c1771391
_d1771391